000 00963nam a22002177a 4500
999 _c3338
_d3338
003 AR-CdUCM
008 190306b ||||| |||| 00| 0 spa d
040 _aMUNICIPALIDAD PROVINCIAL DEL CUSCO
_cBIBLIOTECA MUNICIPAL DEL CUSCO
082 _22
_a348.68 /
_bM95
100 _aMurguía Sánchez, Armida ; Alcabés Voto Bernales, Nancy
_911074
245 _aSistematizacion de la Legislacion Laboral Peruana /
260 _aLima :
_bMinisterio de Trabajo y Promocion Social ,
_c1989.
300 _a1989 ;
_c20.5 cm.
440 _aLegislación Laboral
_n7
_911075
505 _aContenido: Derecho de Sindicacion -- Negociacion Colectiva -- Proteccion del Derecho y Fomento de la Negociacion Colectiva -- Procedimientos Especiales de Reclamaciones Colectivas -- Paralizaciones Colectivas de Trabajo...
650 _aDerecho Laboral
_95297
650 _aDerecho Sindical
_911076
650 _aDerecho Colectivo de Trabajo
_911077
942 _2ddc
_cLIBROS
945 _artm